حياة أمير المؤمنين في عهد النبي /

محفوظ في:

المؤلف الرئيسي: Muḥammad Ṣādiq Ṣadr.

التنسيق: كتاب

اللغة: Undetermined

منشور في: Baghdad Al-maarif Press 1944

الوسوم: إضافة وسم

لا توجد وسوم, كن أول من يضع وسما على هذه التسجيلة!

رقم الطلب: A99 SADR

LEADER 00431nam a2200121Ia 4500
008 240404s9999||||xx |||||||||||||| ||und||
050 4 |a A99 SADR 
100 1 |a Muḥammad Ṣādiq Ṣadr. 
245 1 0 |a   |a حياة أمير المؤمنين في عهد النبي /  |a  / Ḥayāt Amīr al-Muʼminīn fī ʻahd al-Nabī   |c Muḥammad Ṣādiq Ṣadr 
264 1 |a Baghdad  |b Al-maarif Press  |c 1944 
300 |a 265  |c 25 
942 |2 lcc  |c BK 
999 |c 58037  |d 58037